[Event "Online Olym Top DivC 2021"]
[Site "chess.com INT"]
[Date "2021.09.11"]
[Round "7.5"]
[Board "3"]
[White "Koubova, Anna Marie"]
[Black "Perez Rodriguez, Jennifer"]
[Result "1/2-1/2"]
[BlackTitle "WIM"]
[WhiteElo "2128"]
[BlackElo "2251"]
[WhiteTeam "Czech Republic"]
[BlackTeam "Paraguay"]
[WhiteFideId "381470"]
[BlackFideId "3507831"]
[EventDate "2021.09.09"]
[EventType "team"]

1. d4 Nf6 2. c4 e5 3. dxe5 Ng4 4. Nf3 Nc6 5. Nc3 Ngxe5 6. Nxe5 Nxe5 7. e4 Bc5 8.
Be2 d6 9. O-O Be6 10. a3 a5 11. b3 O-O 12. Nd5 c6 13. Nf4 Bd7 14. Bb2 f5 15. Nd3
Nxd3 16. Bxd3 fxe4 17. Bxe4 Qh4 18. Qc2 Rae8 19. Rae1 Kh8 20. g3 Qh6 21. Bc1 Qh5
22. Qc3 Bh3 23. Bb2 Qg4 24. Bg2 Bxg2 25. Kxg2 Rxe1 26. Qxe1 Qf3+ 27. Kg1 h6 28.
b4 axb4 29. axb4 Bb6 30. c5 dxc5 31. Qe5 Qf7 32. bxc5 Bc7 33. Qe3 Kh7 34. Re1
Bd8 35. Qd3+ Kg8 36. Re2 Bf6 37. Qd6 Bxb2 38. Rxb2 Re8 39. Kg2 Qe7 40. Qxe7 Rxe7
41. f4 Kf7 42. Kf3 Kf6 43. g4 g6 44. h4 Rd7 45. Ke4 Re7+ 46. Kd4 h5 47. gxh5
gxh5 48. Rg2 Kf5 49. Rg5+ Kxf4 50. Rxh5 Rd7+ 51. Kc4 Kg4 52. Rh8 Rd1 53. h5 Kg5
54. Rh7 Rc1+ 55. Kb4 Rb1+ 56. Kc4 Rc1+ 57. Kd4 Rb1 58. Ke5 Rd1 59. Rxb7 Rd5+ 60.
Ke6 Kxh5 61. Rb6 Rxc5 62. Kd6 Rc2 63. Rxc6 Rxc6+ 64. Kxc6 1/2-1/2

[Event "Online Olym Top DivC 2021"]
[Site "chess.com INT"]
[Date "2021.09.11"]
[Round "7.5"]
[Board "4"]
[White "Vargas, Gabriela"]
[Black "Zelbova, Lada"]
[Result "1-0"]
[WhiteTitle "WIM"]
[WhiteElo "2152"]
[BlackElo "1928"]
[WhiteTeam "Paraguay"]
[BlackTeam "Czech Republic"]
[WhiteFideId "3700860"]
[BlackFideId "23717882"]
[EventDate "2021.09.09"]
[EventType "team"]

1. d4 d5 2. Nf3 Nf6 3. Bg5 g6 4. e3 Bg7 5. Nbd2 Ne4 6. Nxe4 dxe4 7. Nd2 c5 8. c3
cxd4 9. cxd4 Qa5 10. Bf4 Nc6 11. Be2 Qf5 12. Bg3 h5 13. h3 h4 14. Bh2 Qg5 15.
Nxe4 Qxg2 16. Bf3 Qxh3 17. Be5 Qf5 18. Bxg7 Rh7 19. Bf6 exf6 20. Nd6+ 1-0

[Event "Online Olym Top DivC 2021"]
[Site "chess.com INT"]
[Date "2021.09.11"]
[Round "7.5"]
[Board "5"]
[White "Finek, Vaclav"]
[Black "Melian, Juan Sebastian"]
[Result "1-0"]
[WhiteTitle "FM"]
[BlackTitle "CM"]
[WhiteElo "2408"]
[BlackElo "1978"]
[WhiteTeam "Czech Republic"]
[BlackTeam "Paraguay"]
[WhiteFideId "23718293"]
[BlackFideId "3706575"]
[EventDate "2021.09.09"]
[EventType "team"]

1. Nf3 d5 2. d4 c6 3. c4 Nf6 4. Qc2 g6 5. Bf4 Bg7 6. e3 O-O 7. Nc3 Be6 8. cxd5
Nxd5 9. Nxd5 Bxd5 10. Be2 Nd7 11. e4 Be6 12. O-O h6 13. Rad1 Rc8 14. b4 a5 15.
a3 axb4 16. axb4 Ra8 17. Ra1 Bg4 18. Be3 Qb8 19. Qd2 Kh7 20. Ng5+ hxg5 21. Bxg4
Nf6 22. f3 Rxa1 23. Rxa1 Nxg4 24. fxg4 Rd8 25. Rf1 Kg8 26. Qa2 e6 27. e5 Rd5 28.
Qf2 Rd7 29. Bxg5 Qa7 30. Be3 Qa3 31. Rb1 Bf8 32. h4 Qd3 33. Ra1 Qe4 34. Ra8 b6
35. Bh6 f5 36. Rxf8+ Kh7 37. Bg5 Qxg4 38. Bf6 g5 39. Bxg5 Rxd4 40. Bf6 Qd1+ 41.
Kh2 Rg4 42. Rh8+ Kg6 43. Rg8+ Kh5 44. Rxg4 fxg4 45. Qf4 g3+ 46. Qxg3 Qd2 47.
Qg5+ Qxg5 48. hxg5 c5 49. bxc5 bxc5 50. Kg3 c4 51. Kf3 1-0

[Event "Online Olym Top DivC 2021"]
[Site "chess.com INT"]
[Date "2021.09.11"]
[Round "7.5"]
[Board "6"]
[White "Oviedo Acosta, Paula"]
[Black "Voriskova, Anna"]
[Result "0-1"]
[WhiteElo "1637"]
[BlackElo "1799"]
[WhiteTeam "Paraguay"]
[BlackTeam "Czech Republic"]
[WhiteFideId "3704394"]
[BlackFideId "23712236"]
[EventDate "2021.09.09"]
[EventType "team"]

1. e4 c6 2. d4 d5 3. Nd2 dxe4 4. Nxe4 Nf6 5. Ng3 e6 6. Nf3 Be7 7. Bd3 O-O 8. Bf4
Nbd7 9. Qd2 Qb6 10. O-O-O c5 11. Kb1 cxd4 12. Rhe1 Bb4 13. Qe2 Bxe1 14. Qxe1 Rd8
15. Bg5 h6 16. Bc1 Nc5 17. Ne4 Nfxe4 18. Bxe4 d3 19. Bxd3 Nxd3 20. cxd3 Bd7 21.
Bd2 Ba4 22. Rc1 Rac8 23. Bc3 Qb5 24. d4 Qf5+ 25. Ka1 Bc6 26. Nh4 Qg5 27. g3 Bd5
28. f4 Qf6 29. Qe3 b5 30. Rd1 Rc4 31. Nf3 b4 32. Be1 Bxf3 33. Qxf3 Rcxd4 34. Rb1
Rd3 35. Qe2 a5 36. Rc1 a4 37. Bxb4 a3 38. Bc3 axb2+ 39. Bxb2 Qf5 40. Qf2 Rd2 41.
Qb6 Rd1 42. Qc7 Rxc1+ 43. Bxc1 Qd3 44. a3 Rd5 45. Bb2 Qf1+ 46. Ka2 Qd3 47. Qc8+
Kh7 48. Qc7 Rb5 49. Qc1 Qb3+ 50. Ka1 Rd5 51. Qb1+ Kg8 52. Bc1 Qc3+ 53. Qb2 Qd3
54. Qb8+ Rd8 55. Qb2 Rc8 56. f5 Qxf5 57. Bf4 Rc2 58. Qb8+ Kh7 59. Qb3 Re2 60.
Qc3 e5 61. Bc1 Rc2 62. Qe3 Qc8 63. Bb2 Rc5 64. Kb1 Qf5+ 65. Ka1 Qf1+ 66. Ka2 Rb5
67. Qe4+ Kg8 68. Qa8+ Kh7 69. Qe4+ f5 70. Qc2 Qf3 71. a4 Rd5 72. Qc7 Qd1 73. Qc4
Ra5 74. Ka3 Qf3+ 75. Kb4 Ra7 76. Bxe5 Rb7+ 77. Kc5 Qa3+ 78. Kc6 Qe7 79. Qd5 Ra7
80. Bf4 Qb7+ 81. Kd6 Qc7+ 82. Ke6 Qf7+ 83. Ke5 Qf6# 0-1

[Event "Online Olym Top DivC 2021"]
[Site "chess.com INT"]
[Date "2021.09.11"]
[Round "8.1"]
[Board "1"]
[White "Mustaps, Matiss"]
[Black "Benitez Galeano, Alejandro"]
[Result "1/2-1/2"]
[WhiteTitle "FM"]
[BlackTitle "FM"]
[WhiteElo "2356"]
[BlackElo "2201"]
[WhiteTeam "Latvia"]
[BlackTeam "Paraguay"]
[WhiteFideId "11602295"]
[BlackFideId "3703568"]
[EventDate "2021.09.09"]
[EventType "team"]

1. e4 c5 2. Nf3 e6 3. d4 cxd4 4. Nxd4 Nc6 5. Nc3 Qc7 6. Be2 a6 7. f4 Nxd4 8.
Qxd4 b5 9. Be3 Bb7 10. O-O-O Rc8 11. a3 Nf6 12. Kb1 Bxe4 13. Nxe4 Qxc2+ 14. Ka1
Qxe4 15. Rc1 Rd8 16. Qd2 Nd5 17. Bd4 Qxf4 18. Qd3 Qg5 19. Bf3 Be7 20. h4 Qg6 21.
Be4 Qh6 22. Bxd5 exd5 23. Rhe1 O-O 24. Be3 Qxh4 25. g4 Qxg4 26. Bd4 Bg5 27. Rg1
Qh5 28. Rxg5 Qxg5 29. Rg1 Qh6 30. Qh3 Qg6 31. Rxg6 fxg6 32. Qg3 Rde8 33. Qd6 Rf7
34. Qxd5 h5 35. Bc3 Re6 36. Qg5 Kh7 37. Ka2 Rf5 38. Qd8 Rf7 39. Qg5 Rc6 40. Kb3
Re6 41. Ka2 1/2-1/2

[Event "Online Olym Top DivC 2021"]
[Site "chess.com INT"]
[Date "2021.09.11"]
[Round "8.1"]
[Board "2"]
[White "Heinechen, Juan"]
[Black "Lavendelis, Egons"]
[Result "0-1"]
[BlackTitle "FM"]
[WhiteElo "2146"]
[BlackElo "2304"]
[WhiteTeam "Paraguay"]
[BlackTeam "Latvia"]
[WhiteFideId "3701018"]
[BlackFideId "11601647"]
[EventDate "2021.09.09"]
[EventType "team"]

1. e4 c5 2. Nf3 Nc6 3. d4 cxd4 4. Nxd4 Nf6 5. Nc3 e6 6. Ndb5 Bb4 7. a3 Bxc3+ 8.
Nxc3 d5 9. exd5 exd5 10. Bd3 O-O 11. O-O d4 12. Ne4 Ng4 13. h3 Nge5 14. Be2 Qd5
15. Ng5 Bf5 16. f4 Ng6 17. Bd3 Nh4 18. Nf3 Nxf3+ 19. Qxf3 Qd7 20. Bd2 Rfe8 21.
Rfe1 h6 22. Rxe8+ Rxe8 23. Re1 Rxe1+ 24. Bxe1 Qe6 25. Bf2 a6 26. Kf1 Bxd3+ 27.
Qxd3 Qd5 28. c3 Qb3 29. Bxd4 Qxb2 30. Qe4 Qxa3 31. Qe8+ Qf8 32. Qd7 Qb8 33. g3
a5 34. Kg2 a4 35. Bc5 Qa8 36. Ba3 Qb8 37. h4 h5 38. Kh3 Qa8 39. c4 Na5 40. Qxa4
b5 41. Qd1 Nxc4 42. Bb4 Qc8+ 43. Kh2 Ne3 44. Qe2 Qc2 45. Bd2 Qxd2 0-1

[Event "Online Olym Top DivC 2021"]
[Site "chess.com INT"]
[Date "2021.09.11"]
[Round "8.1"]
[Board "3"]
[White "Rogule, Laura"]
[Black "Perez Rodriguez, Jennifer"]
[Result "0-1"]
[WhiteTitle "WGM"]
[BlackTitle "WIM"]
[WhiteElo "2286"]
[BlackElo "2251"]
[WhiteTeam "Latvia"]
[BlackTeam "Paraguay"]
[WhiteFideId "11601876"]
[BlackFideId "3507831"]
[EventDate "2021.09.09"]
[EventType "team"]

1. d4 Nf6 2. c4 e5 3. d5 Bc5 4. Nc3 d6 5. Nf3 a5 6. Bg5 Nbd7 7. e3 h6 8. Bh4 g5
9. Nxg5 hxg5 10. Bxg5 Bb4 11. Bd3 Bxc3+ 12. bxc3 Qe7 13. h4 e4 14. Bc2 Qe5 15.
Qd4 Qxg5 16. hxg5 Rxh1+ 17. Kd2 Rxa1 18. gxf6 Nc5 19. f3 Bf5 20. fxe4 Bg6 21. e5
Rxa2 22. Qh4 Rxc2+ 23. Kd1 O-O-O 24. e6 fxe6 25. dxe6 Rxg2 26. e7 Rg1+ 27. Ke2
Re8 28. Qh3+ Kb8 29. Kf2 Rg5 30. Qh4 Rf5+ 31. Ke2 Nd7 32. e4 Rxf6 33. Qg4 Rxe7
34. Kd2 Rfe6 35. c5 Nxc5 36. e5 dxe5 37. Qc4 b6 38. Qb5 e4 39. Ke3 Rf6 40. Qc4
Rf3+ 41. Ke2 Ref7 42. Qd5 Rf2+ 43. Ke1 Rf1+ 44. Ke2 R7f2+ 45. Ke3 Rf3+ 46. Ke2
R1f2+ 47. Ke1 Nd3+ 48. Kd1 Rf1+ 49. Ke2 Nc1+ 50. Kd2 R3f2+ 51. Ke3 Re2+ 52. Kd4
Rd1+ 0-1

[Event "Online Olym Top DivC 2021"]
[Site "chess.com INT"]
[Date "2021.09.11"]
[Round "8.1"]
[Board "4"]
[White "Vargas, Gabriela"]
[Black "Vidruska, Renate"]
[Result "1-0"]
[WhiteTitle "WIM"]
[BlackTitle "WFM"]
[WhiteElo "2152"]
[BlackElo "2000"]
[WhiteTeam "Paraguay"]
[BlackTeam "Latvia"]
[WhiteFideId "3700860"]
[BlackFideId "11601841"]
[EventDate "2021.09.09"]
[EventType "team"]

1. d4 Nf6 2. Nf3 e6 3. Bg5 h6 4. Bh4 b6 5. e3 Bb7 6. Nbd2 d6 7. c3 Nbd7 8. a4 g5
9. Bg3 Nh5 10. Bb5 a6 11. Bxd7+ Qxd7 12. Ne5 dxe5 13. Qxh5 exd4 14. exd4 Bxg2
15. Rg1 Bb7 16. Be5 Rg8 17. h4 O-O-O 18. hxg5 Bd6 19. Bxd6 Qxd6 20. Qxh6 Qf4 21.
O-O-O Rg6 22. Qh3 Rxg5 23. Rxg5 Qxg5 24. Re1 Kb8 25. Qh2 Rg8 26. f4 Qa5 27. Rg1
Rd8 28. Qh4 Rc8 29. Rg7 f5 30. Qe7 Qxa4 31. Qxe6 Rh8 32. Rg1 Qb5 33. Qe5 Rc8 34.
Qxb5 axb5 35. Rg5 Rf8 36. Kd1 Kc8 37. Ke2 Kd7 38. Nf3 Ke6 39. Ne5 Kd5 40. Rg7
Ke4 41. Rxc7 Bd5 42. Kf2 Kxf4 43. Ng6+ Ke4 44. Nxf8 1-0

[Event "Online Olym Top DivC 2021"]
[Site "chess.com INT"]
[Date "2021.09.11"]
[Round "8.1"]
[Board "5"]
[White "Golubovskis, Maksims"]
[Black "Melian, Juan Sebastian"]
[Result "0-1"]
[WhiteTitle "FM"]
[BlackTitle "CM"]
[WhiteElo "2210"]
[BlackElo "1978"]
[WhiteTeam "Latvia"]
[BlackTeam "Paraguay"]
[WhiteFideId "11608528"]
[BlackFideId "3706575"]
[EventDate "2021.09.09"]
[EventType "team"]

1. e4 c6 2. d4 d5 3. Nc3 dxe4 4. Nxe4 Nf6 5. Nxf6+ exf6 6. c3 Bd6 7. Bd3 O-O 8.
Ne2 Re8 9. Qc2 h5 10. O-O Qc7 11. h3 Nd7 12. Be3 Nf8 13. Rae1 Bd7 14. c4 g6 15.
c5 Be7 16. Nf4 f5 17. Nd5 cxd5 18. g4 hxg4 19. hxg4 f4 20. Bd2 f3 21. Bh6 Bxg4
22. Re5 Bf6 23. Rxd5 Rad8 24. Bc4 Bxd4 25. Rg5 Qg3+ 26. Kh1 Qg2# 0-1

[Event "Online Olym Top DivC 2021"]
[Site "chess.com INT"]
[Date "2021.09.11"]
[Round "8.1"]
[Board "6"]
[White "Oviedo Acosta, Paula"]
[Black "Golsta, Madara"]
[Result "0-1"]
[WhiteElo "1637"]
[BlackElo "1967"]
[WhiteTeam "Paraguay"]
[BlackTeam "Latvia"]
[WhiteFideId "3704394"]
[BlackFideId "11607386"]
[EventDate "2021.09.09"]
[EventType "team"]

1. e4 c5 2. Nf3 d6 3. d4 cxd4 4. Nxd4 Nf6 5. Nc3 g6 6. f3 Bg7 7. Be3 Nc6 8. Qd2
O-O 9. O-O-O d5 10. Qe1 e5 11. exd5 Nxd4 12. Bxd4 exd4 13. Rxd4 Re8 14. Qd2 Nd7
15. Re4 Nc5 16. Rxe8+ Qxe8 17. Bc4 Bd7 18. Re1 Qd8 19. Kb1 Rc8 20. Bf1 Bf5 21.
g4 Bxc3 22. bxc3 Na4 23. Re3 Qb6+ 24. Kc1 Qb2+ 25. Kd1 Nxc3+ 26. Rxc3 Rxc3 27.
gxf5 Qb1+ 28. Qc1 Qxc1+ 29. Kxc1 Rxf3 30. Bd3 gxf5 31. Kd1 Rf2 32. Ke1 Rxh2 33.
Bxf5 Kf8 34. Bd3 Ke7 35. Be4 Kd6 36. Kd1 h5 37. a4 Rh4 38. Bf3 Rxa4 39. Bxh5
Rd4+ 40. Ke2 f5 41. Bf3 Rxd5 42. c4 Re5+ 43. Kd3 b6 44. Kd4 a5 45. Bd1 b5 46.
c5+ Rxc5 47. Bf3 a4 0-1

[Event "Online Olym Top DivC 2021"]
[Site "chess.com INT"]
[Date "2021.09.11"]
[Round "8.2"]
[Board "1"]
[White "Nabaty, Tamir"]
[Black "Mladek, Richard"]
[Result "1-0"]
[WhiteTitle "GM"]
[BlackTitle "FM"]
[WhiteElo "2638"]
[BlackElo "2361"]
[WhiteTeam "Israel"]
[BlackTeam "Czech Republic"]
[WhiteFideId "2809052"]
[BlackFideId "386588"]
[EventDate "2021.09.09"]
[EventType "team"]

1. e4 e5 2. Nf3 Nc6 3. Bb5 a6 4. Bxc6 dxc6 5. O-O Bg4 6. h3 h5 7. d3 Qf6 8. Be3
Bxf3 9. Qxf3 Qxf3 10. gxf3 Bd6 11. Nd2 Ne7 12. Rfb1 a5 13. a4 g5 14. Nc4 Rg8 15.
Kf1 f6 16. c3 Kd7 17. Ke2 Ra6 18. Rd1 Ke6 19. d4 exd4 20. cxd4 Bb4 21. f4 f5 22.
exf5+ Nxf5 23. fxg5 Nxe3 24. fxe3 Rxg5 25. Rg1 Rxg1 26. Rxg1 Be7 27. e4 b5 28.
Ne5 bxa4 29. Rg6+ Bf6 30. Rh6 c5 31. Nd3 Kf7 32. e5 c4 33. Nc5 c3 34. bxc3 Rb6
35. Nxa4 1-0

[Event "Online Olym Top DivC 2021"]
[Site "chess.com INT"]
[Date "2021.09.11"]
[Round "8.2"]
[Board "2"]
[White "Mica, Marek"]
[Black "Smirin, Ilia"]
[Result "0-1"]
[WhiteTitle "FM"]
[BlackTitle "GM"]
[WhiteElo "2304"]
[BlackElo "2616"]
[WhiteTeam "Czech Republic"]
[BlackTeam "Israel"]
[WhiteFideId "382884"]
[BlackFideId "2801990"]
[EventDate "2021.09.09"]
[EventType "team"]

1. d4 Nf6 2. c4 g6 3. Nc3 Bg7 4. e4 d6 5. Nf3 O-O 6. Be2 Nbd7 7. O-O e5 8. Be3
Qe7 9. d5 Ne8 10. Nd2 f5 11. f3 f4 12. Bf2 g5 13. b4 Rf6 14. Qc2 Rg6 15. c5 Ndf6
16. cxd6 cxd6 17. Rfc1 g4 18. Nb5 Bd7 19. Nxa7 g3 20. hxg3 fxg3 21. Be3 Nh5 22.
Bb5 Bh6 23. Qb3 Rxa7 24. Bxd7 Qxd7 25. Bxa7 Bxd2 26. Rc2 b5 27. Be3 Bxe3+ 28.
Qxe3 Nf4 29. Rac1 Rh6 30. Rc8 Rh2 31. R1c2 Rxg2+ 32. Rxg2 Qxc8 33. Rxg3+ Ng7 34.
Rg4 h5 35. Rg3 Qc2 36. Qa7 Ne2+ 37. Kh2 Nxg3+ 38. Kxg3 Qd2 39. Qb8+ Kh7 40. Qxd6
Qf4+ 41. Kg2 h4 42. Qd7 Qg3+ 43. Kh1 Qxf3+ 44. Kh2 Qg3+ 45. Kh1 h3 0-1

[Event "Online Olym Top DivC 2021"]
[Site "chess.com INT"]
[Date "2021.09.11"]
[Round "8.2"]
[Board "3"]
[White "Shvayger, Yuliya"]
[Black "Lhotska, Anna"]
[Result "1-0"]
[WhiteTitle "IM"]
[WhiteElo "2351"]
[BlackElo "1988"]
[WhiteTeam "Israel"]
[BlackTeam "Czech Republic"]
[WhiteFideId "14100126"]
[BlackFideId "376183"]
[EventDate "2021.09.09"]
[EventType "team"]

1. e4 c5 2. Nf3 d6 3. d4 cxd4 4. Nxd4 Nf6 5. Nc3 a6 6. g3 e6 7. Bg2 Nfd7 8. O-O
Nc6 9. Be3 Be7 10. f4 O-O 11. Kh1 Qc7 12. Qe2 Nxd4 13. Bxd4 b5 14. Rad1 Bb7 15.
f5 Bf6 16. a3 Rac8 17. Bh3 e5 18. Be3 Be7 19. Bg2 Qc4 20. Qf3 a5 21. Rf2 b4 22.
axb4 axb4 23. Bf1 Qc7 24. Nd5 Bxd5 25. Rxd5 Nf6 26. Rd1 Qc6 27. Bg2 Rfd8 28. g4
Qb7 29. g5 Ne8 30. Qh5 g6 31. Qf3 gxf5 32. Qxf5 Bf8 33. h4 Ng7 34. Qf3 Rc7 35.
h5 Ne6 36. Rdf1 Rdc8 37. Bh3 Re7 38. h6 Rc4 39. Bf5 Rc8 40. Kh2 Kh8 41. Kh3 b3
42. c3 Rb8 43. Bxe6 Rxe6 44. Qxf7 Qxf7 45. Rxf7 Kg8 46. Kg4 Rg6 47. Kh5 Re6 48.
Rd7 Rbe8 49. Rff7 R8e7 50. Rfxe7 Bxe7 51. Kg4 Kf7 52. Kf5 Rg6 53. Rb7 Ke8 54.
Rxb3 Bxg5 55. Bxg5 1-0

[Event "Online Olym Top DivC 2021"]
[Site "chess.com INT"]
[Date "2021.09.11"]
[Round "8.2"]
[Board "4"]
[White "Pribylova, Sofie"]
[Black "Lahav, Michal"]
[Result "0-1"]
[WhiteTitle "WFM"]
[BlackTitle "WIM"]
[WhiteElo "1983"]
[BlackElo "2127"]
[WhiteTeam "Czech Republic"]
[BlackTeam "Israel"]
[WhiteFideId "371726"]
[BlackFideId "2813742"]
[EventDate "2021.09.09"]
[EventType "team"]

1. c4 c6 2. d4 d5 3. cxd5 cxd5 4. Nc3 Nf6 5. Nf3 Nc6 6. e3 a6 7. Bd3 Bg4 8. O-O
e6 9. a3 Bd6 10. h3 Bh5 11. b4 O-O 12. Bb2 Rc8 13. Rc1 Bb8 14. Be2 Qd6 15. g3 b5
16. Ne1 Bxe2 17. Qxe2 Ne4 18. Nd3 Ne7 19. Nc5 Nxg3 20. fxg3 Qxg3+ 21. Qg2 Qxe3+
22. Kh1 Nf5 23. Rxf5 exf5 24. Nxd5 Qh6 25. Ne7+ Kh8 26. d5 f6 27. Nxc8 Rxc8 28.
Qf3 Qd2 29. Rb1 Qh2# 0-1

[Event "Online Olym Top DivC 2021"]
[Site "chess.com INT"]
[Date "2021.09.11"]
[Round "8.2"]
[Board "6"]
[White "Trasakova, Adela"]
[Black "Levitan, Ronit"]
[Result "0-1"]
[BlackTitle "WCM"]
[WhiteElo "1923"]
[BlackElo "2171"]
[WhiteTeam "Czech Republic"]
[BlackTeam "Israel"]
[WhiteFideId "398306"]
[BlackFideId "2815109"]
[EventDate "2021.09.09"]
[EventType "team"]

1. d4 Nf6 2. Nf3 d5 3. g3 Bg4 4. Bg2 c6 5. c4 e6 6. Qb3 Qb6 7. c5 Qxb3 8. axb3
Nbd7 9. b4 a6 10. h3 Bxf3 11. Bxf3 e5 12. Be3 e4 13. Bg2 Be7 14. g4 Nf8 15. Bf4
Ne6 16. Bg3 Nxd4 17. Na3 a5 18. bxa5 Bxc5 19. e3 Bxa3 20. exd4 Bxb2 21. Rb1 Bxd4
22. Rxb7 O-O 23. O-O Rxa5 24. g5 Nh5 25. Bd6 Rfa8 26. Kh2 g6 27. f4 Ng7 28. h4
Nf5 29. Bc7 Rb5 30. Rb6 Bxb6 0-1

[Event "Online Olym Top DivC 2021"]
[Site "chess.com INT"]
[Date "2021.09.11"]
[Round "8.3"]
[Board "1"]
[White "Flores, Diego"]
[Black "Bluebaum, Matthias"]
[Result "0-1"]
[WhiteTitle "GM"]
[BlackTitle "GM"]
[WhiteElo "2599"]
[BlackElo "2639"]
[WhiteTeam "Argentina"]
[BlackTeam "Germany"]
[WhiteFideId "108049"]
[BlackFideId "24651516"]
[EventDate "2021.09.09"]
[EventType "team"]

1. c4 e6 2. Nf3 d5 3. g3 dxc4 4. Qa4+ Bd7 5. Qxc4 c5 6. Bg2 Bc6 7. O-O Nf6 8. b3
Be7 9. Bb2 Nbd7 10. Qc2 O-O 11. Nc3 Rc8 12. Rac1 b5 13. d3 Qb6 14. e4 Rfd8 15.
Qe2 Qb8 16. Rfd1 Nf8 17. Rc2 h6 18. h3 a6 19. Bc1 e5 20. Nh4 Ne6 21. Nf5 Bf8 22.
Qf3 Nd4 23. Nxd4 cxd4 24. Ne2 Nd7 25. g4 b4 26. Ng3 Bb5 27. Rxc8 Rxc8 28. g5
hxg5 29. Bxg5 Nc5 30. Nf5 Ne6 31. Bd2 g6 32. Nh6+ Bxh6 33. Bxh6 Nf4 34. h4 Rc5
35. Kh2 Qd6 36. Rg1 Rc3 37. Bf1 Bxd3 38. Bxf4 Bxf1 39. Qg4 Rh3+ 0-1

[Event "Online Olym Top DivC 2021"]
[Site "chess.com INT"]
[Date "2021.09.11"]
[Round "8.3"]
[Board "2"]
[White "Donchenko, Alexander"]
[Black "Perez Ponsa, Federico"]
[Result "1-0"]
[WhiteTitle "GM"]
[BlackTitle "GM"]
[WhiteElo "2641"]
[BlackElo "2554"]
[WhiteTeam "Germany"]
[BlackTeam "Argentina"]
[WhiteFideId "24603295"]
[BlackFideId "117927"]
[EventDate "2021.09.09"]
[EventType "team"]

1. Nf3 d5 2. g3 Bg4 3. Bg2 Nd7 4. h3 Bh5 5. O-O e6 6. d4 c6 7. c4 Bd6 8. Nc3
Ngf6 9. Qb3 Rb8 10. Nd2 Bg6 11. e4 dxe4 12. Ndxe4 Nxe4 13. Nxe4 Bxe4 14. Bxe4
O-O 15. Be3 Qa5 16. c5 Nf6 17. Bc2 Bc7 18. Bg5 Nd5 19. Qd3 g6 20. a3 Bd8 21. Bh6
Re8 22. b4 Qc7 23. Rad1 Bf6 24. h4 Rbd8 25. Qf3 Qe7 26. Kg2 Bg7 27. Bg5 Bf6 28.
Bc1 Kg7 29. Rh1 h6 30. Qd3 Nc7 31. h5 Rxd4 32. Qe3 Rxd1 33. Qxh6+ Kg8 34. Rxd1
Bg7 35. Qd2 gxh5 36. Qe2 Rd8 37. Rh1 Kf8 38. Qxh5 Ke8 39. Qg4 Bf6 40. Rh7 Rd7
41. Bg6 Qf8 42. Bh6 Qg8 43. Bxf7+ Qxf7 44. Rxf7 Rxf7 45. Qg8+ Ke7 46. Qc8 1-0

[Event "Online Olym Top DivC 2021"]
[Site "chess.com INT"]
[Date "2021.09.11"]
[Round "8.3"]
[Board "3"]
[White "Lujan, Carolina"]
[Black "Papp, Sarah"]
[Result "0-1"]
[WhiteTitle "IM"]
[BlackTitle "WGM"]
[WhiteElo "2340"]
[BlackElo "2315"]
[WhiteTeam "Argentina"]
[BlackTeam "Germany"]
[WhiteFideId "109878"]
[BlackFideId "24606812"]
[EventDate "2021.09.09"]
[EventType "team"]

1. e4 e6 2. Qe2 c5 3. f4 Nc6 4. Nf3 Be7 5. g3 d5 6. e5 Nh6 7. Bg2 Nf5 8. c3 h5
9. d3 b5 10. Na3 Ba6 11. Nc2 Qb6 12. Ne3 Nh6 13. f5 d4 14. f6 Bf8 15. Nd1 Nf5
16. Nf2 c4 17. O-O cxd3 18. Nxd3 b4 19. Kh1 Rd8 20. Nfe1 dxc3 21. bxc3 bxc3 22.
fxg7 Bxg7 23. Bg5 Ncd4 24. Qe4 Rc8 25. Nf3 c2 26. Nxd4 Qxd4 27. Qxd4 Nxd4 28.
Be4 Bxd3 29. Bxd3 Bxe5 30. Rac1 O-O 31. Be3 Rfd8 32. Bxd4 Rxd4 33. Rxc2 Rxc2 34.
Bxc2 Rd2 35. Bb3 h4 36. Re1 Bd6 37. Rg1 hxg3 38. hxg3 Kg7 39. Rg2 Rd4 40. Kh2
Rg4 41. Kh3 Rg6 42. Kh2 f5 43. Kg1 Kf6 44. Kf2 e5 45. Bc2 e4 46. g4 Bc5+ 47. Kf1
fxg4 48. Bxe4 Rg5 49. Ke2 Ke5 50. Bc2 Kf4 51. Bb3 g3 52. Ba4 Rh5 53. Bc6 Re5+
54. Kd3 Bf2 55. Kc2 Rc5+ 0-1

[Event "Online Olym Top DivC 2021"]
[Site "chess.com INT"]
[Date "2021.09.11"]
[Round "8.3"]
[Board "4"]
[White "Heinemann, Josefine"]
[Black "Borda Rodas, Anapaola S."]
[Result "1/2-1/2"]
[WhiteTitle "WGM"]
[BlackTitle "WFM"]
[WhiteElo "2292"]
[BlackElo "2162"]
[WhiteTeam "Germany"]
[BlackTeam "Argentina"]
[WhiteFideId "12900460"]
[BlackFideId "152781"]
[EventDate "2021.09.09"]
[EventType "team"]

1. e4 e5 2. Nf3 Nc6 3. Bb5 a6 4. Ba4 Nf6 5. O-O b5 6. Bb3 Bc5 7. a4 Rb8 8. c3 d6
9. d4 Bb6 10. a5 Ba7 11. h3 O-O 12. Be3 Re8 13. Nbd2 h6 14. Re1 b4 15. Qc2 Bb7
16. d5 Bxe3 17. Rxe3 Ne7 18. Ba4 c6 19. cxb4 cxd5 20. Bxe8 Qxe8 21. exd5 Nexd5
22. Ree1 Nxb4 23. Qc7 Qd8 24. Qxd8+ Rxd8 25. Rec1 Nfd5 26. Ra3 Bc6 27. Kh2 f6
28. Nh4 Bb5 29. Nf5 Nd3 30. Rc2 N3b4 31. Rc1 Nd3 32. Rc2 N3b4 33. Rc1 1/2-1/2

[Event "Online Olym Top DivC 2021"]
[Site "chess.com INT"]
[Date "2021.09.11"]
[Round "8.3"]
[Board "5"]
[White "Coro, Lucas"]
[Black "Keymer, Vincent"]
[Result "0-1"]
[WhiteTitle "IM"]
[BlackTitle "GM"]
[WhiteElo "2352"]
[BlackElo "2607"]
[WhiteTeam "Argentina"]
[BlackTeam "Germany"]
[WhiteFideId "147222"]
[BlackFideId "12940690"]
[EventDate "2021.09.09"]
[EventType "team"]

1. e4 c6 2. d4 d5 3. Nc3 dxe4 4. Nxe4 Bf5 5. Ng3 Bg6 6. h4 h6 7. Nf3 Nd7 8. h5
Bh7 9. Bd3 Bxd3 10. Qxd3 e6 11. Bd2 Ngf6 12. O-O-O Be7 13. Kb1 Qb6 14. Ne4 Rd8
15. g4 c5 16. g5 Nxe4 17. Qxe4 hxg5 18. Nxg5 Nf6 19. Qg2 Qc6 20. f3 Rxh5 21.
Rhg1 Rxd4 22. Nxf7 Kxf7 23. Qxg7+ Ke8 24. Bg5 Qxf3 25. Rdf1 Rg4 26. Qg6+ Kd7 27.
a3 Rxg1 28. Rxg1 Rh1 29. Qxf6 0-1